Michael Buble Charting Songs (Billboard Hot 100) - Statistics

General Stats
  • This quiz has been taken 58 times
    13 since last reset
  • The average score is 5 of 12
Answer Stats
Album Weeks On Peak Artist(s) Song % Correct
Crazy Love 44 Weeks #24 Michael Buble Haven't Met You Yet
70%
It's Time 20 Weeks #72 Michael Buble Home
70%
Christmas 31 Weeks #12 Michael Buble It's Beginning to Look a Lot Like Christmas
70%
Call Me Irresponsible 20 Weeks #46 Michael Buble Everything
60%
Christmas 5 Weeks #33 Michael Buble Holly Jolly Christmas
50%
To Be Loved 1 Week #94 Michael Buble It's a Beautiful Day
50%
Christmas 1 Week #99 Michael Buble All I Want for Christmas is You
40%
Holiday Wishes 1 Week #78 Idina Menzel Duet with Michael Buble Baby It's Cold Outside
40%
Christmas 4 Weeks #41 Michael Buble Have Yourself a Merry Little Christmas
30%
Crazy Love 2 Weeks #55 Michael Buble Hollywood
20%
Call Me Irresponsible 1 Week #97 Michael Buble Lost
10%
It's Time 1 Week #99 Michael Buble Save the Last Dance for Me
10%
No matching quizzes found
Score Distribution
Percent of People with Each Score
Percentile by Number Answered
Your Score History
You have not taken this quiz since the last reset